000 00435nab a2200145Ia 4500
003 ES-SlBCS
005 20210601125249.0
008 140529s1986 xxu||||| |||| 00| 0 eng d
041 _aeng
100 1 _aLewis, Delmas
_9156065
245 0 0 _aPersons, Morality, and Tenselessness
_c Delmas Lewis
650 0 4 _aPersonas
_9101155
773 0 _tPhilosophy and Phenomenological Research
_gvol. 47, 1986, págs. 305-310
_wRev1411
942 _cAR
999 _c527483
_d527483